Países que empiezan por N - Estadísticas

Estadísticas generales
  • Esta prueba ha sido intentada 432 veces
  • La puntuación promedio es 6 de 8
Estadísticas de respuestas
Respuesta % Correcto
Namibia
89%
Noruega
89%
Nicaragua
86%
Níger
86%
Nigeria
84%
Nepal
74%
Nauru
72%
Nueva Zelanda
67%
No se encontraron pruebas coincidentes
Distribución de puntuación
Porcentaje de gente con cada puntuación
Porcentaje por número respondido
Historial de tus puntuaciones
No has intentado esta prueba.